Tři větévky jalovcové : romance ze starých časů /

Hlavní autor: Martínek, Vojtěch, 1887-1960
Jazyk: Čeština
Vydáno: V Brně : Moravské kolo spisovatelů, 1936
Edice: Nová knihovna Moravského kola spisovatelů
Externí odkaz: Digitalizovaný dokument
Fyzický popis: 138, [I] s. ; 8°
Knihy
Uloženo v:
LEADER 01268nam a22002772a 4500
001 001713648
003 CZ BrMZK
005 20191024131600.0
007 ta
008 191024s1936 xr er|||||||||||cze d
015 |a cnb000795177 
035 |a (OCoLC)40533342 
040 |a ABA001  |b cze  |c BOA001  |d ABA001 
100 1 |a Martínek, Vojtěch,  |d 1887-1960  |7 jk01080362  |4 aut 
245 1 0 |a Tři větévky jalovcové :  |b romance ze starých časů /  |c vypravuje Vojtěch Martínek 
260 |a V Brně :  |b Moravské kolo spisovatelů,  |c 1936  |e (V Blansku :  |f Obchodnická tiskárna) 
300 |a 138, [I] s. ;  |c 8° 
490 1 |a Nová knihovna Moravského kola spisovatelů ;  |v sv. 1 
505 0 |a Kronika o Chvalovi ze Suchých Hůrek -- Kratochvilná historie o obrazu Svatého Jiřího -- Romance o Ondrášovi 
830 0 |a Nová knihovna Moravského kola spisovatelů 
856 4 1 |u http://www.digitalniknihovna.cz/mzk/uuid/uuid:ec3b0d60-4d46-11e4-8113-005056827e52  |y Digitalizovaný dokument  |x NDK 
910 |a BOA001  |b 1-0139.457,1 
990 |a BK 
991 |b 201910 
996 7 |b 2618997619  |c 1-0139.457,1  |l MZK  |r Sklad / do 1 hodiny  |n 2  |w 001763253  |u 000020  |a 1  |e BOA001  |j MZK50  |s A 
996 6 |b 2618997620  |c 1-0139.457,1  |l MZK  |r Sklad / do 1 hodiny  |n 0  |w 001763253  |u 000010  |a 1  |e BOA001  |j MZK50  |s P